Historia de Concordia : (Record no. 28698)

MARC details
000 -LEADER
campo de control de longitud fija 00708nam a22002417a 4500
001 - NÚMERO DE CONTROL
campo de control 00028665
005 - FECHA Y HORA DE LA ÚLTIMA TRANSACCIÓN
campo de control 20260328092652.0
008 - DATOS DE LONGITUD FIJA--INFORMACIÓN GENERAL
campo de control de longitud fija 260328b ag ||||| |||| 00| 0 spa d
020 ## - NÚMERO INTERNACIONAL ESTÁNDAR DEL LIBRO
Número Internacional Estándar del Libro 978987170333
040 ## - FUENTE DE CATALOGACIÓN
Centro catalogador/agencia de origen AR-CcCEOS
Lengua de catalogación Español; Castellano
Centro/agencia transcriptor AR-CcCEOS
041 ## - CÓDIGO DE IDIOMA
Código de lengua del texto/banda sonora o título independiente Español; Castellano
080 ## - NÚMERO DE LA CLASIFICACIÓN DECIMAL UNIVERSAL
Número de la Clasificación Decimal Universal 982(822)
090 ## - LOCALMENTE ASIGNADO TIPO-LC NÚMERO DE CLASIFICACIÓN (OCLC); NÚMERO DE CLASIFICACIÓN LOCAL (RLIN)
Número cutter local (OCLC) ; Número de libro/Signatura topográfica íntegra, CALL (RLIN) PEZ
100 1# - ENTRADA PRINCIPAL--NOMBRE DE PERSONA
Nombre de persona Pezzarini, Heriberto María,
Fechas asociadas al nombre 1938-
9 (RLIN) 986
245 12 - MENCIÓN DEL TÍTULO
Título Historia de Concordia :
Resto del título Tomo IV /
Mención de responsabilidad, etc. Heriberto María Pezzarini y Rosa María Reisenweber
250 ## - MENCION DE EDICION
Mención de edición 1ª ed.
260 ## - PUBLICACIÓN, DISTRIBUCIÓN, ETC.
Lugar de publicación, distribución, etc. Concordia :
Nombre del editor, distribuidor, etc. Dimsa,
Fecha de publicación, distribución, etc. 2015.
300 ## - DESCRIPCIÓN FÍSICA
Extensión 454 p. ;
Dimensiones 24x17 cm.
490 ## - MENCIÓN DE SERIE
Designación de volumen o secuencia Tomo IV
650 #0 - PUNTO DE ACCESO ADICIONAL DE MATERIA--TÉRMINO DE MATERIA
Término de materia o nombre geográfico como elemento de entrada historia
9 (RLIN) 90
Subdivisión de forma Concordia
Subdivisión geográfica Concordia
700 ## - ENTRADA AGREGADA--NOMBRE PERSONAL
Nombre de persona Rosa María Reisenweber
9 (RLIN) 987
942 ## - ELEMENTOS DE ENTRADA SECUNDARIOS (KOHA)
Fuente de la clasificación o esquema de estantería Clasificación decimal universal
Tipo de ítem Koha Libros
Suprimir en OPAC No
Holdings
Estatus retirado Estado de pérdida Fuente de la clasificación o esquema de estantería Estado de daño No para préstamo Biblioteca de origen Biblioteca actual Fecha de adquisición Número de inventario Total de préstamos Signatura topográfica completa Información codificada de la localización en otra ubicación Colección Código de barras Visto por última vez Precio de reemplazo Tipo de ítem Koha
    Clasificación decimal universal     Biblioteca Julio Serebrinsky Biblioteca Julio Serebrinsky 28/03/2026 46270   982(822) PEZ SER 46270 28/03/2026 28/03/2026 Libros